000 00264nam a2200133Ia 4500
100 _a#N/A
650 _aComputers
942 _cBK
654 _aORACLE-DATABASE
245 _aORACLE 8 DATABASE DEVELOPMENT
260 _b#N/A
082 _bSAM
546 _aENGLISH
999 _c18457
_d18457